LEADER 00711nam0 2200229 450 001 000018568 005 20081030182301.0 100 $a20081030d1958----km-y0itay50------ba 101 0 $aeng 102 $aUS 105 $ay-------001yy 200 1 $aLinear programming$efundamentals and applications$fRobert O. Ferguson and Lauren F. Sargent 210 $aNew York$cMcGraw-Hill$dc1958 215 $aXIV, 342 p.$d24 cm 500 10$aLinear programming$932886 700 1$aFerguson,$bRobert O.$0104555 701 1$aSargent,$bLauren F.$0104556 801 0$aIT$bUNIPARTHENOPE$c20081030$gRICA$2UNIMARC 912 $a000018568 951 $a214/12$b1130$cNAVA2 996 $aLinear programming$932886 997 $aUNIPARTHENOPE LEADER 01341nam0 22003133i 450 001 CAM0005318 005 20170908093317.0 100 $a20100311d1982 ||||0itac50 ba 101 | $aita 102 $ait 181 1$6z01$ai $bxxxe 182 1$6z01$an 200 1 $aBattesimo Eucarestia Ministero$etesto della Commissione Fede e Costituzione$fa cura di Paolo Ricca e Luigi Sartori 210 $aTorino$ceditrice Claudiana$d1982 215 $a71 p.$d15 cm 225 | $aVerso l'unità dei cristiani$v3 410 0$1001CFI0016044$12001 $aVerso l'unità dei cristiani$v3 606 $aReligione$2FIR$3NAPC009234$9I 676 $a265$9SACRAMENTI, ALTRI RITI E ATTI$v14 702 1$aSartori$b, Luigi$f <1924-2007>$3CFIV013913 702 1$aRicca$b, Paolo$f <1936- >$3CFIV057948 801 3$aIT$bIT-NA0079$c20100311 850 $aIT-CE0130$aIT-NA0641 912 $aCAM0005318 950 0$aBiblioteca Fac. Pentecostale di Scienze Religiose$d 26ECUM 690 0036.2$e 26 0000054465 B 1 v.$fT $h20121009$i20121009 950 0$aBiblioteca Nuova di San Giacomo della Marca$d 60BIBLIOTECA265 BAT$e 60 0000018685 S 1 v.$fT $h20100311$i20100311 977 $a 26$a 60 996 $aBattesimo Eucarestia Ministero$91485730 997 $aUNISANNIO